| 000 | 00388nam a2200145Ia 4500 | ||
|---|---|---|---|
| 008 | 210210b1982 xxu||||| |||| 00| 0 eng d | ||
| 082 | _a307.72 VOLL | ||
| 100 | _aVOLKEN (Henry) and others. | ||
| 245 | _aLearning from the rural poor. | ||
| 260 |
_aNew Delhi. _bIndian Social Institute., _c1982 |
||
| 300 | _aviii,115 | ||
| 650 | _aRural | ||
| 690 | _aRural Sociology | ||
| 906 | _a038081 | ||
| 999 |
_c88148 _d88148 |
||